000 00871nam a2200265 i 4500
001 bimo0000012983
003
005 20240626110339.0
008 880322s1986 sp 000 0 spa
020 _a8476552564
040 _aBPMSU
_bspa
_cBPMSU
_erdc
082 4 _a507.2
_bT883p 1986
_222
092 _a
245 0 0 _aTú puedes hacerlo
_binventar es divertido/
_cexperimentos, José Ignacio Flor, José Alba ; textos, Saro de la Iglesia ; dibujos, Francisco Capdevila
260 _aMadrid
_bPlaza Joven,
_c1986
300 _a vs.
_bil. col.
_c26 cm
490 0 _aWalt Disney
590 _aInventariado, 2024/VM
650 4 _aJuegos científicos
_vLibros infantiles
650 4 _aPreguntas y respuestas infantiles
700 1 _aFlor, José Ignacio
710 2 _aWalt Disney Productions
910 _aVMateo V. Control de calidad. BPMSU
942 _2ddc
_cBK
999 _c14691
_d14691